Loading...
Fine Arts - Classical Music | 4 | 12.50 | 75% | 50% | 0% |
Fine Arts - Other Fine Arts | 5 | 14.00 | 100% | 40% | 0% |
Fine Arts - Painting and Sculpture | 1 | 10.00 | 100% | 0% | 0% |
Geography | 2 | 20.00 | 100% | 50% | 50% |
History - American History | 3 | 10.00 | 100% | 0% | 0% |
History - European History | 5 | 8.00 | 80% | 0% | 0% |
History - Other History | 4 | 15.00 | 100% | 50% | 0% |
History - World History | 4 | 10.00 | 75% | 25% | 0% |
Literature - Drama | 1 | 20.00 | 100% | 0% | 100% |
Literature - Long Fiction | 4 | 7.50 | 75% | 0% | 0% |
Literature - Misc Literature | 2 | 10.00 | 100% | 0% | 0% |
Literature - Poetry | 2 | 10.00 | 100% | 0% | 0% |
Mythology | 1 | 10.00 | 100% | 0% | 0% |
Other Academic | 3 | 13.33 | 100% | 33% | 0% |
Philosophy | 5 | 10.00 | 80% | 20% | 0% |
Science - Biology | 1 | 20.00 | 100% | 0% | 100% |
Science - Chemistry | 2 | 10.00 | 100% | 0% | 0% |
Science - Other Science | 3 | 16.67 | 100% | 33% | 33% |
Science - Physics | 5 | 10.00 | 100% | 0% | 0% |
Social Science | 3 | 6.67 | 67% | 0% | 0% |